[Event "HCL-E1552"]
[Site "www.playchess.de"]
[Date "2006.03.07"]
[Round "8"]
[White "golddim"]
[Black "Zafonic"]
[WhiteElo "1441"]
[BlackElo "1536"]
[PlyCount "84"]
[Result "0-1"]

1.e4 e6 2.d4 d5 3.Nc3 Bb4 4.exd5 exd5 5.Bd2 Nc6 
6.Bb5 Nf6 7.Qe2+ Be6 8.Nf3 Bxc3 9.Bxc3 O-O 10.O-O 
Ne7 11.Ng5 Bf5 12.Rfe1 Ng6 13.Bd2 c6 14.Bd3 Re8 
15.Qf3 Bxd3 16.Qxd3 Qd6 17.c3 h6 18.Nf3 Ne4 19.Be3 
f5 20.Re2 Nf4 21.Bxf4 Qxf4 22.Rae1 Re6 23.c4 b6 
24.cxd5 cxd5 25.Qb5 Rd6 26.Ne5 a6 27.Qd3 b5 28.Qe3 
Qh4 29.Rc1 f4 30.Qf3 Ng5 31.Qd3 Qh5 32.Rec2 Re8 
33.R2c6 Rxc6 34.Rxc6 Ne4 35.Rxa6 Rc8 36.Nc6 Qe8 
37.Qxb5 Nf6 38.h3 Kh8 39.Kf1 Ne4 40.Qxd5 Nd2+ 
41.Kg1 Qe1+ 42.Kh2 Nf1+ 0-1

[Event "HCL-A2598"]
[Site "www.playchess.de"]
[Date "2006.03.07"]
[Round "32"]
[White "scotty4u"]
[Black "RUDI"]
[WhiteElo "1289"]
[BlackElo "1234"]
[PlyCount "70"]
[Result "0-1"]

1.e4 e5 2.Nf3 Nc6 3.Nc3 Nf6 4.Bc4 Bc5 5.a3 O-O 
6.Ne2 Nxe4 7.O-O d6 8.d3 Nf6 9.Bg5 Nd4 10.Nexd4 
exd4 11.b4 Bb6 12.a4 c6 13.a5 Bc7 14.Nxd4 d5 
15.Bb3 h6 16.Bh4 Be5 17.c3 Qd6 18.Bg3 Bxg3 19.fxg3 
Bg4 20.Qd2 Rae8 21.a6 b6 22.Ba4 b5 23.Bc2 Bh5 
24.Nf5 Qd7 25.d4 Ne4 26.Bxe4 Rxe4 27.Rae1 Rxe1 
28.Rxe1 Qxf5 29.h3 Bg6 30.g4 Qc8 31.g5 h5 32.h4 
Re8 33.Rf1 Qxa6 34.Qf4 Qc8 35.Kf2 
Re4 0-1

[Event "HCL-E1590"]
[Site "www.playchess.de"]
[Date "2006.03.07"]
[Round "9"]
[White "maus"]
[Black "chess50"]
[WhiteElo "1421"]
[BlackElo "2020"]
[PlyCount "26"]
[Result "0-1"]

1.e4 {&#1087;&#1088;&#1080;&#1074;&#1077;&#1090;!} 
 e5 {good luck}  2.Nf3 {good luck to you}  Nf6 
3.Nc3 Nc6 4.Bb5 Bb4 5.Nd5 Nxd5 6.exd5 e4 7.dxc6 
exf3 8.cxd7+ Bxd7 9.Bxd7+ Qxd7 10.gxf3 O-O-O 11.c3 
Rhe8+ 12.Kf1 Qh3+ 13.Kg1 Re6 0-1

[Event "HCL-T249"]
[Site "www.playchess.de"]
[Date "2006.03.07"]
[Round "3"]
[White "daveboy6968"]
[Black "wbaldan"]
[WhiteElo "940"]
[BlackElo "1687"]
[PlyCount "66"]
[Result "0-1"]

1.e4 e5 2.Nf3 Nc6 3.c3 d5 4.Bb5 dxe4 5.Nxe5 Qd5 
6.Bxc6+ bxc6 7.Ng4 Ba6 8.Ne3 Qd3 9.Na3 Nf6 10.c4 
Bxa3 11.Qc2 Qxc2 12.Nxc2 Bd6 13.Ne3 O-O 14.b3 Be5 
15.Rb1 Rfd8 16.O-O Rd3 17.Nf5 Kf8 18.Ba3+ Bd6 
19.Nxd6 cxd6 20.Rbc1 c5 21.Rcd1 Re8 22.f3 Bb7 
23.Bb2 exf3 24.gxf3 Bxf3 25.Rxf3 Rxf3 26.Bxf6 Rxf6 
27.Rf1 Re2 28.h3 Rg6+ 29.Kh1 Rgg2 30.Rxf7+ Kxf7 
31.a4 Rexd2 32.h4 Rge2 33.a5 Rd1+ 0-1

[Event "HCL-E1581"]
[Site "www.playchess.de"]
[Date "2006.03.07"]
[Round "6"]
[White "Duffy"]
[Black "Josef"]
[WhiteElo "1610"]
[BlackElo "1641"]
[PlyCount "71"]
[Result "1-0"]

1.e4 c5 2.Nf3 d6 3.d4 cxd4 4.Nxd4 Nf6 5.Nc3 a6 
6.Be2 e6 7.O-O Be7 8.f4 Qc7 9.Be3 Nc6 10.Kh1 O-O 
11.Qe1 b5 12.a3 Bb7 13.Bd3 Nxd4 14.Bxd4 d5 15.e5 
Nd7 16.Qg3 Nc5 17.Bxc5 Bxc5 18.f5 exf5 19.Bxf5 g6 
20.h4 Bd4 21.Rae1 Rae8 22.h5 Bxe5 23.Qg4 Bxc3 
24.bxc3 Rxe1 25.Rxe1 Qxc3 26.Re7 Bc8 27.hxg6 hxg6 
28.Bxc8 Qxc8 29.Qe2 Qf5 30.Re5 Qf6 31.Qe3 Rd8 
32.Re8+ Rxe8 33.Qxe8+ Kg7 34.Qe3 g5 35.Qd3 Qf1+ 
36.Qxf1 1-0

[Event "HCL-C4199"]
[Site "www.playchess.de"]
[Date "2006.03.07"]
[Round "6"]
[White "Azimut"]
[Black "nichju"]
[WhiteElo "1506"]
[BlackElo "1022"]
[PlyCount "91"]
[Result "1-0"]

1.e3 {Go for a revenge !  :-)}  e5 {Yes of course 
;-)}  2.b3 Bb4 3.Bb2 Nc6 4.g3 Nf6 5.Bg2 d5 6.Ne2 
Bg4 7.a3 Ba5 8.h3 Bf5 9.O-O Qd7 10.g4 Be4 11.f3 
Bg6 12.d3 Bb6 13.d4 e4 14.f4 O-O-O 15.f5 Bxf5 
16.Rxf5 Ne7 17.Rf2 Ng6 18.Nd2 Nh4 19.Nf4 g5 20.Nh5 
Nxh5 21.gxh5 Rhg8 22.Qg4 f5 23.Qg3 f4 24.exf4 Qd6 
25.Qg4+ Kb8 26.fxg5 Nxg2 27.Rxg2 e3 28.Nf3 Rde8 
29.Ne5 Rg7 30.Rf1 c5 31.dxc5 Bxc5 32.Kh1 d4 33.Nc4 
Qd5 34.Rf5 Qc6 35.Qe2 Qd7 36.Rxc5 Qxh3+ 37.Kg1 Re4 
38.Nd6 Rc7 39.Nxe4 Rd7 40.Qg4 Qxg4 41.Rxg4 e2 
42.Kf2 d3 43.cxd3 b6 44.Be5+ Kb7 45.Nd6+ Ka6 
46.Ra4+ {Thank you for the game my friend.} 
 1-0

[Event "HCL-A2624"]
[Site "www.playchess.de"]
[Date "2006.03.07"]
[Round "9"]
[White "cocohubert"]
[Black "archship"]
[WhiteElo "1366"]
[BlackElo "1319"]
[PlyCount "25"]
[Result "1-0"]

1.e4 e6 2.d4 d5 3.exd5 Qxd5 4.Nc3 Bb4 5.Nge2 Nc6 
6.Bd2 Qd7 7.a3 Ba5 8.b4 Bb6 9.Be3 Nf6 10.Na4 Bxd4 
11.Bxd4 Nxd4 12.Nxd4 Qxa4 13.Bb5+ {bad move} 
 1-0

[Event "HCL-C4165"]
[Site "www.playchess.de"]
[Date "2006.03.07"]
[Round "17"]
[White "daveboy6968"]
[Black "IRONMAIDEN"]
[WhiteElo "940"]
[BlackElo "1232"]
[PlyCount "68"]
[Result "0-1"]

1.e4 {hi good luck :-)}  e5 {same to you, hi!}  
2.d4 {cheers :-)}  exd4 3.Qxd4 Nc6 4.Qc4 Nf6 5.Bg5 
Be7 6.Bxf6 Bxf6 7.c3 O-O 8.Nf3 d6 9.Nbd2 Be6 
10.Qd3 Qe7 11.O-O-O Bg4 12.h3 Be6 13.g4 Bxa2 
14.Nc4 Bb3 15.Re1 a5 16.Kd2 b5 17.Ne3 Ne5 18.Nxe5 
Qxe5 19.Ng2 Bg5+ 20.Ne3 c6 21.h4 Bf4 22.Bg2 d5 
23.Qd4 Qxd4+ 24.Kc1 Qa4 25.Kd2 dxe4 26.Bxe4 Rad8+ 
27.Bd3 Qc4 28.Rec1 Qxd3+ 29.Ke1 Qd2+ 30.Kf1 Bxe3 
31.Kg2 Qxf2+ 32.Kh3 Rd3 33.Rcg1 Bf4+ {your last 
move. I see you in another tournament!}  34.Rg3 
{cu next time :-)}  Qxg3+ 0-1

[Event "HCL-A2623"]
[Site "www.playchess.de"]
[Date "2006.03.07"]
[Round "5"]
[White "ArturPinto"]
[Black "foinaven"]
[WhiteElo "1700"]
[BlackElo "1396"]
[PlyCount "122"]
[Result "0-1"]

1.c4 e5 2.Nc3 Nc6 3.g3 g6 4.Bg2 Bg7 5.d3 d6 6.Bd2 
Nge7 7.Nf3 Bd7 8.O-O Nf5 9.a3 O-O 10.b4 a6 11.b5 
axb5 12.cxb5 Ncd4 13.a4 c6 14.Nxd4 Nxd4 15.e3 Ne6 
16.bxc6 Bxc6 17.Bxc6 bxc6 18.Ne2 d5 19.Ra3 c5 
20.a5 Qd6 21.Qa4 Rfb8 22.a6 Ra7 23.Nc3 Nc7 24.Rb1 
Rxb1+ 25.Nxb1 Rxa6 26.Qg4 Rxa3 27.Qc8+ Bf8 28.Nxa3 
c4 29.dxc4 Qxa3 30.Qxc7 Qd3 31.Ba5 dxc4 32.Qxe5 
Qd6 33.Qd4 Qxd4 34.exd4 Bg7 35.Bc3 f5 36.f4 Kf7 
37.Kf2 Ke6 38.h3 Kd5 {You missed my mistake- you 
had Pd5+   :-)}  39.Ke3 h6 40.g4 fxg4 41.hxg4 Bf6 
42.f5 gxf5 43.gxf5 {(offering draw)}  h5 {Not just 
yet...}  44.Kf3 Bg5 45.Kg3 Ke4 46.d5 Kxf5 47.Kf3 
Bf6 48.Bd2 c3 49.Bc1 Ke5 50.Be3 {(offering draw) 
You cant win this... We r losing time...}  Kxd5 
{I'm 2 pawns up!}  51.Bc1 {(offering draw) But you 
can´t promote cause i´ll sacrifice my bishop for 
your c pawn and h pawn promotes in white house and 
u have a black bishop so u cant make m take my 
king out of h1 and g2.}  h4 52.Kg2 Ke4 53.Bh6 Kd3 
54.Bc1 Ke2 55.Bf4 Kd1 56.Be3 c2 {Good Morning!}  
57.Kh3 Bc3 {Game over I think?}  58.Kxh4 Bd2 
59.Bf2 c1Q 60.Kh3 Ke2 61.Bg3 Kf3 0-1

[Event "HCL-M844"]
[Site "www.playchess.de"]
[Date "2006.03.07"]
[Round "10"]
[White "DePoelmeester"]
[Black "edmonte"]
[WhiteElo "1636"]
[BlackElo "2158"]
[PlyCount "45"]
[Result "1-0"]

1.d4 {hi, i wish u a nice 1}  Nf6 2.Nf3 e6 3.Nc3 
Bb4 4.Bd2 d5 5.e3 Nbd7 6.Bd3 O-O 7.O-O Be7 8.Ne5 
Nxe5 9.dxe5 Nd7 10.f4 Nc5 11.Rc1 b6 12.a3 Nxd3 
13.cxd3 Ba6 14.Qe2 c5 15.Rcd1 Qd7 16.Kh1 f6 
17.exf6 Bxf6 18.g4 Rae8 19.g5 Bxc3 20.bxc3 e5 
21.fxe5 Rf5 22.Rxf5 Qxf5 23.Qh5 1-0

[Event "HCL-A2617"]
[Site "www.playchess.de"]
[Date "2006.03.07"]
[Round "31"]
[White "carbug"]
[Black "PhilipKaveny"]
[WhiteElo "1524"]
[BlackElo "1324"]
[PlyCount "37"]
[Result "1-0"]

1.e4 {Good game to you, Philip}  g6 2.d4 d6 3.Nf3 
Bg7 {Hi I checked out your website. Be warned I 
attack a lot and am better than my rating:)}  
4.Nc3 {I have been so warned.}  Nf6 {Of course I 
drop a lot of pieces also--Do you know how these 
ratings appoximate USCF}  5.Be2 {I'm USCF at about 
1400.}  O-O {I am about 1608}  6.O-O {and so, I 
again am warned.}  c6 {Yes and in a a mommement of 
desperation I won the UW madison Rate action chess 
championship I can her you quaking:)}  7.Re1 {Best 
vacation ever with my Bride to Wisconsin.}  b5 
{Are You a car collector}  8.e5 {I sell them.}  
dxe5 {I hope business is good}  9.Nxe5 {a bit 
soft, actually.}  Nd5 10.Nxd5 cxd5 11.Bxb5 Qa5 
12.c4 Bxe5 13.Rxe5 a6 14.Ba4 Bb7 15.Rxe7 dxc4 
16.Rxb7 c3 17.Bh6 cxb2 18.Rxb2 Rd8 
19.Qf3 1-0

[Event "HCL-A2458"]
[Site "www.playchess.de"]
[Date "2006.03.07"]
[Round "28"]
[White "ados99"]
[Black "Baldrick"]
[WhiteElo "1414"]
[BlackElo "1684"]
[PlyCount "102"]
[Result "0-1"]

1.e4 Nf6 2.Nc3 d6 3.d4 g6 4.Be2 Bg7 5.Be3 O-O 6.f4 
Nc6 7.Qd2 Ng4 8.Bxg4 Bxg4 9.h3 Bd7 10.Nf3 e5 
11.fxe5 dxe5 12.d5 Ne7 13.Bh6 f6 14.Bxg7 Kxg7 
15.O-O-O Nc8 16.h4 h5 17.Rdg1 Nd6 18.Qe2 Qe8 
19.Nh2 f5 20.exf5 gxf5 21.Nf3 e4 22.Ng5 Qg6 23.Qe3 
Qf6 24.Qe2 Qh6 25.Kb1 Rae8 {Happy Christmas!}  
26.g3 {same to you}  a6 27.b3 Nf7 28.Nxf7 Rxf7 
29.Rgf1 Ref8 30.Rf4 Qg6 31.Qe3 Qb6 32.Qxb6 cxb6 
33.a4 R7f6 34.Ne2 b5 35.axb5 Bxb5 36.c4 Bd7 37.Kb2 
b5 38.c5 b4 39.Rd1 Bb5 40.Nc1 Rg6 41.d6 Rxg3 
42.Rd5 Rg2+ 43.Kb1 Bd7 44.Re5 Rf7 45.c6 Bxc6 
46.Re7 Rxe7 47.dxe7 Kf6 48.Rf1 Bb5 49.Rd1 Kxe7 
50.Rd5 Ke6 51.Rd8 Rh2 0-1

[Event "HCL-E1571"]
[Site "www.playchess.de"]
[Date "2006.03.07"]
[Round "19"]
[White "chess50"]
[Black "ados99"]
[WhiteElo "2108"]
[BlackElo "1400"]
[PlyCount "31"]
[Result "1-0"]

1.e4 d6 2.d4 g6 3.Nc3 Bg7 4.f4 Nf6 5.Nf3 O-O 6.Bd3 
a6 7.O-O b5 8.e5 dxe5 9.fxe5 Ne8 10.Be3 Bg4 11.a4 
b4 12.Na2 a5 13.c3 Nc6 14.Be4 Qd7 15.cxb4 Nxb4 
16.Bxa8 1-0

[Event "HCL-E1533"]
[Site "www.playchess.de"]
[Date "2006.03.07"]
[Round "2"]
[White "Glomp"]
[Black "HOTSUN"]
[WhiteElo "1587"]
[BlackElo "1626"]
[PlyCount "62"]
[Result "0-1"]

1.e4 {Hello again and good luck!}  e5 {hi u2}  
2.Nf3 Nc6 3.Bb5 a6 4.Ba4 b5 5.Bb3 d6 6.d4 Bg4 7.c3 
Qf6 8.Bd5 Nge7 9.Bxc6+ Nxc6 10.d5 Ne7 11.Nbd2 Ng6 
12.a4 Qd8 13.axb5 axb5 14.Rxa8 Qxa8 15.O-O Be7 
16.Qb3 c6 17.h3 Bd7 18.Re1 O-O 19.Nf1 c5 20.Qc2 f5 
21.exf5 Bxf5 22.Qe2 c4 23.Ng3 Bd3 24.Qe3 Qxd5 
25.Rd1 Nf4 26.Qe1 Nxh3+ 27.gxh3 Qxf3 28.Be3 Bh4 
29.Kh2 Bxg3+ 30.fxg3 Be4 31.Qg1 
Qe2+ 0-1

[Event "HCL-C4149"]
[Site "www.playchess.de"]
[Date "2006.03.08"]
[Round "2"]
[White "cenda"]
[Black "patzer55"]
[WhiteElo "400"]
[BlackElo "800"]
[PlyCount "40"]
[Result "0-1"]

1.e4 e5 2.Nc3 Nf6 3.Nf3 Nc6 4.d4 Bb4 5.a3 exd4 
6.Bg5 Bxc3+ 7.bxc3 Qe7 8.h4 Qxe4+ 9.Qe2 Qxe2+ 
10.Bxe2 Ne4 11.Bd3 Nxc3 12.Bd2 O-O 13.Rh3 Re8+ 
14.Be4 Rxe4+ 15.Be3 d6 16.Rd1 Nxd1 17.Kxd1 Bxh3 
18.gxh3 dxe3 19.fxe3 Rxe3 20.Kd2 
Rxf3 0-1

[Event "HCL-A2635"]
[Site "www.playchess.de"]
[Date "2006.03.08"]
[Round "9"]
[White "baggur"]
[Black "PhilipKaveny"]
[WhiteElo "1601"]
[BlackElo "1324"]
[PlyCount "68"]
[Result "1-0"]

1.e4 {hello}  c5 2.Nf3 d6 3.d4 cxd4 4.Nxd4 g6 
5.Nc3 Bg7 6.Be3 Nc6 7.Bc4 e6 8.Qd2 a6 9.O-O-O Na5 
10.Bb3 Nxb3+ 11.Nxb3 Nf6 12.Qxd6 Qxd6 13.Rxd6 O-O 
14.f3 b5 15.Rhd1 b4 16.Ne2 a5 17.Nc5 a4 18.R6d8 b3 
19.axb3 axb3 20.Nxb3 Ba6 21.Rxf8+ Bxf8 22.Nc3 Bc4 
23.Bd4 Bxb3 24.Bxf6 Ra1+ 25.Kd2 Bh6+ 26.Ke1 Rxd1+ 
27.Kxd1 Bc4 28.g3 Bg7 29.Bxg7 Kxg7 30.Kd2 e5 
31.Nd5 Bf1 32.b3 f5 33.c4 Bg2 34.Ke3 
g5 1-0

[Event "HCL-C4123"]
[Site "www.playchess.de"]
[Date "2006.03.08"]
[Round "14"]
[White "Kelthek"]
[Black "Tribun"]
[WhiteElo "712"]
[BlackElo "857"]
[PlyCount "67"]
[Result "1-0"]

1.e4 {Viel glueck!}  e5 {I wish you too!}  2.Nf3 
d6 3.Bb5+ Nc6 4.O-O Nf6 5.Nc3 Bd7 6.d3 a6 7.Bc4 
Qe7 8.Bg5 h6 9.Bxf6 gxf6 10.Nd5 Qd8 11.Qd2 Bg4 
12.Qe3 h5 13.Nh4 Bh6 14.Qe1 f5 15.exf5 Qxh4 16.Ne3 
Rg8 17.Bd5 Nd4 18.f3 Nxf3+ 19.Bxf3 Qg5 20.h4 Qf4 
21.g3 Bh3 22.Qf2 Rxg3+ 23.Ng2 Ke7 24.Kh1 Qxf5 
25.Qxg3 Rf8 26.Be4 Qe6 27.Bxb7 d5 28.Rf2 Bg4 
29.Ne3 Rg8 30.Bxd5 Qg6 31.Rxf7+ Ke8 32.Qxe5+ Kd8 
33.Qe7+ Kc8 34.Qxc7+ 1-0

[Event "HCL-C4195"]
[Site "www.playchess.de"]
[Date "2006.03.08"]
[Round "9"]
[White "ray7101"]
[Black "tiamat"]
[WhiteElo "800"]
[BlackElo "800"]
[PlyCount "53"]
[Result "1-0"]

1.Nf3 Nc6 2.e4 e5 3.Bb5 Nd4 4.Nxd4 exd4 5.O-O c6 
6.Ba4 b5 7.Bb3 Bd6 8.d3 h5 9.Re1 Bb4 10.c3 dxc3 
11.Bxf7+ Kf8 12.bxc3 Bxc3 13.Nxc3 {Where in this 
big old world are you located?  I live in the 
state of Missouri in USA.}  Kxf7 {Hi! I'm living 
in Hungary, Central-Europe.}  14.a4 {Have you been 
playing chess very long?}  b4 {No, I play two 
years ago.}  15.Qb3+ {Did someone teach you or did 
you learn on your own?}  d5 {I have learned by 
book.}  16.Qxb4 Nf6 17.Bg5 Ba6 18.e5 Rb8 19.Qd4 
Qb6 20.Qf4 Qd8 21.Re3 d4 22.exf6 gxf6 23.Rf3 Kg6 
24.Bxf6 Rf8 25.Qg5+ Kf7 26.Bxd8+ Ke8 
27.Qe7+ 1-0

[Event "HCL-A2554"]
[Site "www.playchess.de"]
[Date "2006.03.08"]
[Round "27"]
[White "CYTO"]
[Black "Eli"]
[WhiteElo "1248"]
[BlackElo "1604"]
[PlyCount "64"]
[Result "0-1"]

1.e4 {Hey Ellis it's me, Davis Roberts from the 
Columbia Chess Club!}  g6 {Great goobbly! I am in 
Bryson City,N.C. now}  2.d4 {How did you end up in 
NC? I guess you heard about Joe Crump going to law 
school and cancelling the chess club. Now we meet 
at Fred Atkinson's mormon church.}  Bg7 {New job 
here in NC. Sorry about the chess club but glad to 
hear Joe advancing himself.}  3.Nf3 {We also meet 
on Tuesday at Chris Gussenhoven's TV shop. I 
rarely am able to make though. I have a new job in 
Nashville but I just drive it, no plans to move.}  
d6 {Sounds good, keep the faith. Say hi to the 
guys when you see them for mr.}  4.Bc4 {ok}  c6 
5.Nc3 b5 6.Bd3 a5 7.a3 Bb7 8.O-O Nd7 9.Bg5 h6 
10.Be3 b4 11.axb4 axb4 12.Ne2 Ngf6 13.c3 bxc3 
14.bxc3 O-O 15.Qd2 Ng4 16.h3 Nxe3 17.Qxe3 Rxa1 
18.Rxa1 c5 19.Rb1 {Do you play at 
www.chessworld.net ?  They have team play there, 
the Columbia team needs more members, hint hint 
:-)}  Qc7 {No I do not play on chessworld.net but 
as soon as I get my computer set up where I live I 
will offer to join my fellow Columbian's. My son 
will be living in Columbia next week so where do 
you all meet.}  20.Nf4 {When you are ready just 
contact one of us, Jim Kettle is the team captain. 
We meet at the Mormon church (Fred Atkinson's) on 
Hampshire Pike across from the Shell Station, on 
Friday night @ 7. On tuesdays at CJ's TV @ 6 
(Chris Gussenhoven's shop)}  Ra8 21.Qc1 Nf6 22.Qb2 
Bxe4 23.Bxe4 Nxe4 24.Nd5 Qd8 25.Re1 f5 26.Nh4 Kh7 
27.f3 e6 28.Nf4 Qxh4 29.Qc1 Qf2+ 30.Kh1 Ng3+ 
31.Kh2 Ra2 32.Rg1 Ne2 0-1

[Event "HCL-B3919"]
[Site "www.playchess.de"]
[Date "2006.03.08"]
[Round "2"]
[White "Nutjob"]
[Black "dmix"]
[WhiteElo "1617"]
[BlackElo "1200"]
[PlyCount "59"]
[Result "1-0"]

1.e4 {Greetings. I wish you a good game!}  e5 
2.Nf3 b6 3.Bc4 Nf6 4.d4 Nc6 5.dxe5 Nxe4 6.Qd5 Qe7 
7.Qxe4 d6 8.Bd5 Qd7 9.Bxc6 d5 10.Bxd7+ Bxd7 
11.Qxd5 c6 12.Qe4 f5 13.exf6+ Kd8 14.Bg5 Kc8 15.f7 
h6 16.Qe8+ Kb7 17.Qxd7+ Ka6 18.Qxc6 Bb4+ 19.c3 
Rac8 20.Qa4+ Ba5 21.Be3 b5 22.Qa3 Rhe8 23.fxe8Q 
Rxe8 24.b4 Rxe3+ 25.fxe3 Kb7 26.Qxa5 a6 27.O-O g6 
28.Ne5 g5 29.Rf7+ Kc8 30.Qc7+ {Thanks for the 
game}  1-0

[Event "ACL-B032"]
[Site "www.playchess.de"]
[Date "2006.03.08"]
[Round "33"]
[White "Peter_Richard"]
[Black "richard"]
[WhiteElo "1747"]
[BlackElo "1623"]
[PlyCount "25"]
[Result "1-0"]

1.d4 {Hello again, and good luck!}  f5 2.c4 Nf6 
3.Nf3 g6 4.Bf4 Kf7 5.Nc3 Bg7 6.e4 d6 7.exf5 Bxf5 
8.Qb3 Nc6 9.c5+ Kf8 10.Qxb7 Na5 11.Qa6 c6 12.b4 
Qb8 {I grabbed the king instead of the bishop on 
move 4. Bye next move.}  13.Qxa5 {Yes, I rather 
noticed that wasn't a common opening!} 
 1-0

[Event "HCL-B3895"]
[Site "www.playchess.de"]
[Date "2006.03.08"]
[Round "3"]
[White "longino"]
[Black "pera"]
[WhiteElo "1170"]
[BlackElo "1026"]
[PlyCount "59"]
[Result "1-0"]

1.c4 e5 2.e3 Bc5 3.a3 Nf6 4.d3 c6 5.Nc3 d5 6.cxd5 
cxd5 7.Nge2 d4 8.exd4 exd4 9.Ne4 Nxe4 10.dxe4 d3 
11.Ng3 Qf6 12.Be3 Bxe3 13.fxe3 Qxb2 14.Bxd3 Bg4 
15.Qa4+ Nd7 16.O-O O-O 17.Qd4 Qd2 18.e5 Be6 
19.Bxh7+ Kxh7 {nice move :-(}  20.Qxd2 Nxe5 21.Rf2 
g6 22.Raf1 a5 23.Qd6 Rae8 24.Qxe5 Bc4 25.Qc7 Bxf1 
26.Rxf1 Kg7 27.Ne2 Rxe3 28.Nc1 Rxa3 29.Qxb7 a4 
30.Qb2+ 1-0

[Event "HCL-B3846"]
[Site "www.playchess.de"]
[Date "2006.03.08"]
[Round "1"]
[White "Zeko"]
[Black "Old_Town_Pizza"]
[WhiteElo "1200"]
[BlackElo "1500"]
[PlyCount "35"]
[Result "1-0"]

1.e4 c5 2.Nf3 Nc6 3.c3 d5 4.e5 Qc7 5.d4 e6 6.Bb5 
Bd7 7.a3 cxd4 8.Bxc6 Bxc6 9.cxd4 Ne7 10.Nc3 g6 
11.O-O Bg7 12.Bf4 O-O 13.b4 a6 14.Qd2 Rac8 15.a4 
Nf5 16.Rfb1 Bd7 17.Rbc1 Qb6 18.Rab1 1-0

[Event "HCL-B3816"]
[Site "www.playchess.de"]
[Date "2006.03.08"]
[Round "1"]
[White "Prasad_lko"]
[Black "stravaganza"]
[WhiteElo "1200"]
[BlackElo "1200"]
[PlyCount "35"]
[Result "1-0"]

1.e4 c6 2.d4 d5 3.e5 f6 4.Nf3 fxe5 5.Nxe5 Nf6 
6.Qf3 e6 7.Bd3 Bd6 8.Bg5 h6 9.Bg6+ Kf8 10.Nf7 Qa5+ 
11.c3 Qb6 12.b3 Rg8 13.Nxh6 gxh6 14.Bxh6+ Ke7 
15.Bc2 Qd8 16.h4 Bc7 17.Bg5 Rf8 
18.Bg6 1-0

[Event "HCL-M885"]
[Site "www.playchess.de"]
[Date "2006.03.08"]
[Round "8"]
[White "temple"]
[Black "ETC_Chess"]
[WhiteElo "1731"]
[BlackElo "2147"]
[PlyCount "42"]
[Result "0-1"]

1.d4 {Hello,gl.}  d5 {Hello again.}  2.c4 dxc4 
3.e4 e5 4.d5 b5 5.a4 Nf6 6.Qc2 c6 7.axb5 cxb5 
8.Nd2 Bc5 9.b3 Qb6 10.Ndf3 cxb3 11.Qxb3 Bxf2+ 
12.Kd1 O-O 13.Nh3 Bd4 14.Ra2 Nxe4 15.Nxd4 exd4 
16.Bd2 Bg4+ 17.Be2 Bxh3 18.gxh3 Nf2+ 19.Ke1 Nxh1 
20.Bf3 d3 21.Qxd3 Re8+ 0-1

[Event "HCL-B3886"]
[Site "www.playchess.de"]
[Date "2006.03.08"]
[Round "1"]
[White "Sarek7"]
[Black "kolmar"]
[WhiteElo "1161"]
[BlackElo "1056"]
[PlyCount "42"]
[Result "0-1"]

1.e4 e5 {hi}  2.Nf3 Nc6 3.d4 exd4 4.Nxd4 Nxd4 
5.Qxd4 d6 6.Bc4 Nf6 7.Bg5 Be7 8.Nc3 h6 9.Bh4 O-O 
10.O-O-O a6 11.f4 Re8 12.e5 c5 13.Qf2 Ng4 14.Bxe7 
Nxf2 15.Bxd8 Rxd8 16.exd6 Nxh1 17.Rxh1 Rxd6 18.Ne4 
Rd4 19.Bd3 c4 20.Be2 Rxe4 21.Bf3 
Rxf4 0-1

[Event "HCL-B3850"]
[Site "www.playchess.de"]
[Date "2006.03.08"]
[Round "9"]
[White "spencer"]
[Black "Roy_the_Sealed_Sword"]
[WhiteElo "996"]
[BlackElo "760"]
[PlyCount "21"]
[Result "1-0"]

1.e4 {Good luck}  e6 2.Qf3 Nh6 3.g4 b6 4.h4 Bb7 
5.d4 f5 6.exf5 Bxf3 7.Nxf3 b5 8.Bxb5 c6 9.Bd3 Nxg4 
10.fxe6 dxe6 11.Ng5 1-0

[Event "HCL-E1533"]
[Site "www.playchess.de"]
[Date "2006.03.08"]
[Round "3"]
[White "BohdanL"]
[Black "Glomp"]
[WhiteElo "1466"]
[BlackElo "1587"]
[PlyCount "54"]
[Result "0-1"]

1.Nf3 {hi, nice to play with you again}  g6 {This 
is our 11th game already.}  2.c4 {yes, and till 
now your score is better (5:2) :-), have to work 
on it}  Nf6 3.b4 Bg7 4.Bb2 {Happy New Year!!! all 
the best in coming 2006 and a lot of nice, 
interesting and fun chessgames}  O-O {Thanks for 
the kind wishes! And the same to you!}  5.e3 d6 
6.d4 Nbd7 7.Be2 e5 8.d5 Ne4 9.Nbd2 f5 10.Nxe4 fxe4 
11.Nd2 Nf6 12.O-O Bd7 13.f3 exf3 14.Bxf3 Qe7 15.e4 
c6 16.Rc1 h5 17.c5 dxc5 18.bxc5 Ng4 19.d6 Qe8 
20.Bxg4 Bxg4 21.Nf3 Qe6 22.Qb3 Qxb3 23.axb3 Rad8 
24.Bxe5 Bxf3 25.Rxf3 Bxe5 26.Rxf8+ Rxf8 27.Rc2 
Bd4+ {Oops! Begging for a quick finish?} 
 0-1

[Event "HCL-A2601"]
[Site "www.playchess.de"]
[Date "2006.03.08"]
[Round "1"]
[White "sarx"]
[Black "dynamike"]
[WhiteElo "1165"]
[BlackElo "1462"]
[PlyCount "64"]
[Result "0-1"]

1.e4 c5 2.Nf3 Nc6 3.d4 cxd4 4.Nxd4 a6 5.c4 Qc7 
6.Nc3 e6 7.Be2 Nf6 8.O-O Be7 9.Nxc6 bxc6 10.Be3 
Rb8 11.b3 Bb4 12.Rc1 O-O 13.e5 Qxe5 14.Bd2 d5 
15.cxd5 cxd5 16.Bf3 Bd7 17.Re1 Qd6 18.Na4 Rfd8 
19.g3 e5 20.Bxb4 Rxb4 21.Nc5 Bf5 22.g4 Bc8 23.g5 
Ne8 24.a3 Rh4 25.Bg2 e4 26.Re3 Qxh2+ 27.Kf1 Rg4 
28.Rg3 Rxg3 29.Ke2 Rxg2 30.Qf1 Bg4+ 31.Ke3 Nd6 
32.Rc2 Nf5+ 0-1

[Event "HCL-B3860"]
[Site "www.playchess.de"]
[Date "2006.03.08"]
[Round "10"]
[White "vaidasmp"]
[Black "GMO"]
[WhiteElo "1200"]
[BlackElo "1329"]
[PlyCount "79"]
[Result "1-0"]

1.e4 e5 2.d3 Nf6 3.h3 Be7 4.Nf3 d6 5.Be3 O-O 6.Qd2 
h6 7.Be2 Nc6 8.Nh2 a6 9.Ng4 Nxg4 10.hxg4 Bg5 11.f4 
Bh4+ 12.Bf2 Bxf2+ 13.Kxf2 exf4 14.Qxf4 Nd4 15.Na3 
Ne6 16.Qg3 Qf6+ 17.Qf3 Qxb2 18.Nc4 Qxc2 19.Ne3 Qc6 
20.Rac1 Qb6 21.Kg3 Nd4 22.Qf2 Qb2 23.Rhe1 Qxa2 
24.Rxc7 Nxe2+ 25.Rxe2 Qa5 26.Rec2 Qe5+ 27.Kh3 b5 
28.Nd5 Qh5+ 29.Kg3 Qxg4+ 30.Kh2 Be6 31.Ne7+ Kh8 
32.g3 b4 33.Rb7 a5 34.Nd5 Bxd5 35.exd5 b3 36.Rxb3 
Qh5+ 37.Kg1 Qxd5 38.Rcc3 a4 39.Rba3 Ra7 
40.Qxa7 1-0

[Event "HCL-B3784"]
[Site "www.playchess.de"]
[Date "2006.03.08"]
[Round "2"]
[White "wwjr"]
[Black "fire-serpent"]
[WhiteElo "1200"]
[BlackElo "1120"]
[PlyCount "50"]
[Result "0-1"]

1.e4 e6 2.Bb5 c6 3.Ba4 d5 4.d3 Bd7 5.Nh3 Nf6 6.O-O 
c5 7.Bg5 Be7 8.Nc3 Bxa4 9.Nxa4 b5 10.Nc3 dxe4 
11.dxe4 b4 12.Nb5 O-O 13.Be3 a6 14.e5 Qxd1 
15.Raxd1 axb5 16.Nf4 Ng4 17.Bd2 Nc6 18.b3 Rxa2 
19.Rdc1 c4 20.bxc4 b3 21.cxb3 Rxd2 22.Rfd1 Rxf2 
23.Rd3 bxc4 24.bxc4 Ncxe5 25.Rd7 
Bg5 0-1

[Event "HCL-E1552"]
[Site "www.playchess.de"]
[Date "2006.03.08"]
[Round "4"]
[White "Rochemback"]
[Black "Marius_sah"]
[WhiteElo "1499"]
[BlackElo "1675"]
[PlyCount "43"]
[Result "1-0"]

1.e4 e5 {Hi. Good luck!}  2.Nf3 {hi, good game!}  
Nc6 3.Bb5 a6 4.Bxc6 dxc6 5.h3 f6 6.O-O c5 7.c4 Qd3 
8.Qa4+ Bd7 9.Qb3 Qxb3 10.axb3 Bc6 11.d3 O-O-O 
12.Rd1 Bxe4 13.Ne1 Bc6 14.Nc3 Ne7 15.Ra5 Nf5 16.g3 
Nd4 17.Ra3 h5 18.Kf1 Be7 19.Na2 g5 20.h4 gxh4 
21.gxh4 Rhg8 22.Be3 1-0